Mike Meyers' comptia security + certification guide: (Record no. 921)

MARC details
000 -LEADER
fixed length control field 00657nam a22001937a 4500
005 - DATE AND TIME OF LATEST TRANSACTION
control field 20230207040101.0
008 - FIXED-LENGTH DATA ELEMENTS--GENERAL INFORMATION
fixed length control field 230207b |||||||| |||| 00| 0 eng d
020 ## - INTERNATIONAL STANDARD BOOK NUMBER
International Standard Book Number 978-0-07-183644-9
082 ## - DEWEY DECIMAL CLASSIFICATION NUMBER
Classification number 005.8 M613 2015
100 ## - MAIN ENTRY--PERSONAL NAME
Personal name Meyers, Mike
Relator term author
245 ## - TITLE STATEMENT
Title Mike Meyers' comptia security + certification guide:
Remainder of title exam 540-401 /
Statement of responsibility, etc. Mike Meyers, Bobby E. Rogers, Dawn Dunkerley
260 ## - PUBLICATION, DISTRIBUTION, ETC.
Place of publication, distribution, etc. New York:
Name of publisher, distributor, etc. McGraw-Hill Education,
Date of publication, distribution, etc. c2015
300 ## - PHYSICAL DESCRIPTION
Extent xxix, 624p.:
Other physical details ill.
504 ## - BIBLIOGRAPHY, ETC. NOTE
Bibliography, etc. note Includes index
541 ## - IMMEDIATE SOURCE OF ACQUISITION NOTE
Accession number 5806
650 ## - SUBJECT ADDED ENTRY--TOPICAL TERM
Topical term or geographic name entry element Computer security - Examinations - Study guide
700 ## - ADDED ENTRY--PERSONAL NAME
Personal name Rogers, Bobby E.
Relator term author
700 ## - ADDED ENTRY--PERSONAL NAME
Personal name Dunkerley, Dawn
Relator term author
Holdings
Withdrawn status Lost status Source of classification or shelving scheme Damaged status Not for loan Home library Current library Date acquired Total Checkouts Full call number Barcode Date last seen Copy number Price effective from Koha item type
    Dewey Decimal Classification     ctu-moalboal ctu-moalboal 01/14/2019   005.8 M613 2015 5806 02/07/2023 1 02/07/2023 Books-Reference